| Tag |
First Indicator |
Second Indicator |
Subfields |
| LEADER |
00000pam a2200000 a 4500 |
| 001 |
in00000086170 |
| 005 |
20151008062600.0 |
| 008 |
800620s1981 nyua b 00110 engm |
| 010 |
|
|
|a 80018834
|
| 020 |
|
|
|a 047106257X
|
| 035 |
|
|
|a (OCoLC)06532537
|
| 035 |
|
|
|9 AAK0525AM
|
| 040 |
|
|
|a DLC
|c DLC
|d m.c.
|d TXA
|d UtOrBLW
|
| 049 |
|
|
|a TXAM
|c [932880]
|
| 050 |
0 |
0 |
|a QB149
|b .T33
|
| 082 |
0 |
|
|a 522
|
| 100 |
1 |
|
|a Taff, Laurence G.,
|d 1947-
|
| 245 |
1 |
0 |
|a Computational spherical astronomy /
|c Laurence G. Taff.
|
| 264 |
|
1 |
|a New York :
|b Wiley,
|c [1981]
|
| 264 |
|
4 |
|c ©1981
|
| 300 |
|
|
|a x, 233 pages :
|b illustrations ;
|c 24 cm.
|
| 336 |
|
|
|a text
|b txt
|2 rdacontent
|
| 337 |
|
|
|a unmediated
|b n
|2 rdamedia
|
| 338 |
|
|
|a volume
|b nc
|2 rdacarrier
|
| 500 |
|
|
|a "A Wiley-Interscience publication."
|
| 500 |
|
|
|a Includes index.
|
| 504 |
|
|
|a Bibliography: pages 227-229.
|
| 650 |
|
0 |
|a Spherical astronomy
|x Mathematics.
|
| 999 |
|
|
|a MARS
|
| 999 |
f |
f |
|s 25b23e65-3c82-38b1-ace6-e6719b9b15f3
|i 94d4b4e8-128c-350f-996d-6c087b6e96a8
|t 0
|
| 952 |
f |
f |
|p normal
|a Texas A&M University
|b College Station
|c Sterling C. Evans Library
|d Evans: Library Stacks
|t 0
|e QB149 .T33
|h Library of Congress classification
|i unmediated -- volume
|m A14806206499
|
| 998 |
f |
f |
|a QB149 .T33
|t 0
|l Evans: Library Stacks
|